| 000 | 01409nam a2200313 i 4500 | ||
|---|---|---|---|
| 001 | 196874 | ||
| 003 | ES-MaACL | ||
| 005 | 20250117063043.0 | ||
| 007 | ta | ||
| 008 | 250115s1879 sp | | |00| | ita d | ||
| 020 | _a8422802376 | ||
| 035 | _aRebiun26350387 | ||
| 040 |
_aUSA.FILO _bspa _cES-MaACL |
||
| 100 | 1 |
_aMorales Sanchez, Francisco M. _eaut _9239462 |
|
| 245 | 1 | 0 |
_aPáginas de sangre : _bhistoria del Saladero / _cpor F. M. Morales Sánchez ; precedida de un notable episodio crítico-criminal por Víctor Hugo, titulado El último día de un reo de muerte ; traducido por un... juriconsulto y de un estado alfabético de los 649 desgraciados que han subido al patíbulo en Madrid desde el año 1801 hasta la fecha... |
| 250 | _a3a ed. | ||
| 260 |
_aMadrid : _bImprenta y administración de Manuel Rodríguez, _c1879. |
||
| 300 |
_a958 p., [1] h. de lámina ; _c22 cm |
||
| 336 |
_2rdacontent _atexto |
||
| 337 |
_2rdamedia _asin mediación |
||
| 338 |
_2rdacarrier _avolumen |
||
| 650 | 4 |
_aPresos _zEspaña _ys. XIX _9239464 |
|
| 700 | 1 |
_aHugo, Victor, _d1802-1885. _tEl útimo día de un reo de muerte _9239465 |
|
| 852 |
_xEncuadernacion holandesa _aES-MaACL _jG-16030 _cDEPO2 _9204535 |
||
| 903 |
_993285 _aPorto, Juan Antonio, _d1937-2021 _ednr |
||
| 942 |
_n0 _cMONANT |
||
| 999 |
_c196874 _d196874 |
||